000 01791nam0a2200337 i 4500
001 RU\NLR\BIBL_A\011209825
005 20260406095554.0
010 _a9785389112254
_97000
021 _aRU
_b2016-64861
_94144
035 _a(NLR Aleph) 011209825
090 _a11965716
_c11965716
100 _a20160907d2016 c y0rusy50 ca
101 1 _arus
_ceng
102 _aRU
105 _aa z 000ay
200 1 _aВсё о медвежонке Паддингтоне
_eновые небывалые истории
_e[повести
_eдля младшего школьного возраста]
_fМайкл Бонд
_g[пер. с англ. Александры Глебовской, Катерины Сиверцевой
_gил. в тексте Пегги Фортнум, Р. В. Элли]
210 _aСанкт-Петербург
_cАзбука
_cАзбука-Аттикус
_d2016
215 _a507, [2] с.
_cил.
_d25
225 1 _aСерия "Всё о..."
300 _aНа тит. л. и обл.: Медвежонок Паддингтон сдаёт экзамен, Медвежонок Паддингтон здесь и сейчас, Медвежонок Паддингтон - чемпион, Медвежонок Паддингтон. С любовью - заглавия книг, которые легли в основу данного изд.
333 _a6+
686 0 _aШ9(4Вл)60-4
700 1 _aБонд
_bМ.
_f1926-2017
_gМайкл
_3RU\NLR\AUTH\7772784
_955712
702 1 _aФортнум
_bП.
_gПегги
_4440
702 1 _aЭлли
_bР.В.
_gРоберт В.
_4440
942 _cBOOK
980 _aNBR